STUDI CATTOLICI. APRILE-MAGGIO 1985. (Record n. 325833)
[ formato base ]
| 000 -LEADER | |
|---|---|
| fixed length control field | 01724nas a2200277Ia 4500 |
| 001 - CONTROL NUMBER | |
| control field | R300-R7239 |
| 003 - CONTROL NUMBER IDENTIFIER | |
| control field | IT-CnALBA |
| 008 - FIXED-LENGTH DATA ELEMENTS--GENERAL INFORMATION | |
| fixed length control field | 170116c99999999xx |||||||||||| ||und|| |
| 040 ## - CATALOGING SOURCE | |
| Original cataloging agency | IT-CnALBA |
| Transcribing agency | IT-CnALBA |
| 041 ## - LANGUAGE CODE | |
| Language code of text/sound track or separate title | ITALIANO |
| 999 ## - SYSTEM CONTROL NUMBERS (KOHA) | |
| Koha Dewey Subclass [OBSOLETE] | NO |
| 100 ## - MAIN ENTRY--PERSONAL NAME | |
| Personal name | ARINZE FRANCIS, CARDINALE |
| 210 ## - ABBREVIATED TITLE | |
| Abbreviated title | STUDI CATTOLICI |
| 222 ## - KEY TITLE | |
| Key title | STUDI CATTOLICI |
| 245 #0 - TITLE STATEMENT | |
| Title | STUDI CATTOLICI. APRILE-MAGGIO 1985. |
| 250 ## - EDITION STATEMENT | |
| Edition statement | 1a ed. |
| 260 ## - PUBLICATION, DISTRIBUTION, ETC. (IMPRINT) | |
| Place of publication, distribution, etc. | ROMA - MILANO |
| Name of publisher, distributor, etc. | ARES EDIZIONI |
| Date of publication, distribution, etc. | 1985 [1° Ed.:1985 - Ed.Ling.Originale: 1985] |
| 300 ## - PHYSICAL DESCRIPTION | |
| Extent | 80 p. |
| 310 ## - CURRENT PUBLICATION FREQUENCY | |
| Current publication frequency | MENSILE |
| 362 ## - DATES OF PUBLICATION AND/OR SEQUENTIAL DESIGNATION | |
| Dates of publication and/or sequential designation | Fascicolo: 290-291 / Anno: 29 (1985) |
| 500 ## - GENERAL NOTE | |
| General note | L'INCARNAZIONE DEL VANGELO NELLE CULTURE. LA SCUOLA E L'INFORMATICA. LA CHIESA ITALIANA CON IL PAPA A LORETO, CAVALLERI C. L'UNESCO SOFFOCATA DALLA BUROCRAZIA, MATHIEU V. QUO VADIS, KOLOSSAL? RUBRICA TELEVISIVA DI F. COLOMBO. LETTERA DA BERLINO, LIBERALI ALLA RISCOSSA. PASTORALE, DIACONIA DELLA SOFFERENZA. SACRA SCRITTURA, IL SALMO DELLA SPERANZA. DANTE, LA GIUSTIZIA E LO STILE. CENTENARO DI VICTOR HUGO, DRAMMATURGO. DE GASPERI E LA RERUM NOVARUM. |
| 501 ## - WITH NOTE | |
| With note | Società San Paolo EM - Piazza San Paolo, 14 - 12051 ALBA (CN) (non commercial uses only) ® Copyright 2017 |
| 520 ## - SUMMARY, ETC. | |
| Summary, etc. | L'INCARNAZIONE DEL VANGELO NELLE CULTURE. LA SCUOLA E L'INFORMATICA. LA CHIESA ITALIANA CON IL PAPA A LORETO, CAVALLERI C. L'UNESCO SOFFOCATA DALLA BUROCRAZIA, MATHIEU V. QUO VADIS, KOLOSSAL? RUBRICA TELEVISIVA DI F. COLOMBO. LETTERA DA BERLINO, LIBERALI ALLA RISCOSSA. PASTORALE, DIACONIA DELLA SOFFERENZA. SACRA SCRITTURA, IL SALMO DELLA SPERANZA. DANTE, LA GIUSTIZIA E LO STILE. CENTENARO DI VICTOR HUGO, DRAMMATURGO. DE GASPERI E LA RERUM NOVARUM. |
| 650 ## - SUBJECT ADDED ENTRY--TOPICAL TERM | |
| Topical term or geographic name as entry element | TEOLOGIA SOCIALE |
| 942 ## - ADDED ENTRY ELEMENTS (KOHA) | |
| Koha item type | RIVISTA |
| 957 ## - | |
| -- | 1 |
| 999 ## - SYSTEM CONTROL NUMBERS (KOHA) | |
| -- | 1 |
| Withdrawn status | Lost status | Damaged status | Not for loan | Home library | Current library | Date acquired | Total Checkouts | Full call number | Date last seen | Price effective from | Koha item type | Public note |
|---|---|---|---|---|---|---|---|---|---|---|---|---|
| Buone Condizioni | Not For Loan | ALBA - Biblioteca | ALBA - Biblioteca | 16/01/2017 | R300-R7239 | 16/01/2017 | 16/01/2017 | RIVISTA | (data import: 16 gennaio 2017) - By Epidotti, Vaglietti. |